Piłkarze Realu Madryt wg numeru na koszulce - Statystyki

Ogólne statystyki
  • Ten quiz został rozwiązany 229 razy
  • Średni wynik to 17 z 23
Statystyki odpowiedzi
Nr Zawodnik % Poprawnych
9 Kylian Mbappé
93%
7 Vinicius Junior
92%
11 Rodrygo
91%
22 Antonio Rüdiger
89%
10 Luka Modric
87%
8 Federico Valverde
86%
5 Jude Bellingham
85%
1 Thibaut Courtois
85%
23 Ferland Mendy
78%
13 Andriy Lunin
77%
6 Eduardo Camavinga
77%
35 Raúl Asencio
75%
15 Arda Güler
72%
4 David Alaba
72%
3 Éder Militão
72%
2 Daniel Carvajal
71%
16 Endrick
71%
21 Brahim Díaz
67%
14 Aurélien Tchouaméni
62%
19 Dani Ceballos
61%
20 Fran García
59%
17 Lucas Vázquez
56%
18 Jesús Vallejo
39%
Nie znaleziono quizów pasujących do podanych kryteriów
Rozkład punktacji
Procent ludzi z każdym wynikiem
Percentyl według liczby udzielonych odpowiedzi
Twoja historia wyników
Nie rozwiązałeś tego quizu